Bridge on the bay (Record no. 520530)

000 -LEADER
fixed length control field 00365nam a22001337a 4500
008 - FIXED-LENGTH DATA ELEMENTS--GENERAL INFORMATION
fixed length control field 220919b ||||| |||| 00| 0 eng d
100 ## - MAIN ENTRY--PERSONAL NAME
Personal name Ranade, V.S
245 ## - TITLE STATEMENT
Title Bridge on the bay
260 ## - PUBLICATION, DISTRIBUTION, ETC. (IMPRINT)
Place of publication, distribution, etc Journal of Defense Studies
300 ## - PHYSICAL DESCRIPTION
Extent 16(1), Jan-Mar, 2022: p.63-72
773 ## - HOST ITEM ENTRY
Main entry heading Journal of Defense Studies
906 ## - LOCAL DATA ELEMENT F, LDF (RLIN)
Subject DIP ARMED FORCES
942 ## - ADDED ENTRY ELEMENTS (KOHA)
Item type Articles
Holdings
Withdrawn status Lost status Source of classification or shelving scheme Damaged status Not for loan Permanent location Current location Date acquired Serial Enumeration / chronology Barcode Date last seen Koha item type
          Indian Institute of Public Administration Indian Institute of Public Administration 2022-09-19 16(1), Jan-Mar, 2022: p.63-72 AR127115 2022-09-19 Articles

Powered by Koha